Recent developments in planning law (Record no. 72627)
[ view plain ]
| 000 -LEADER | |
|---|---|
| fixed length control field | 01693cam a2200301 4500 |
| 001 - CONTROL NUMBER | |
| control field | ABS66728 |
| 008 - FIXED-LENGTH DATA ELEMENTS--GENERAL INFORMATION | |
| fixed length control field | 030507n2003 000 0 eng u |
| 035 ## - SYSTEM CONTROL NUMBER | |
| System control number | (Sirsi) u122199 |
| 100 ## - MAIN ENTRY--PERSONAL NAME | |
| Personal name | Pugh-Smith, J. |
| 245 ## - TITLE STATEMENT | |
| Title | Recent developments in planning law |
| 260 ## - PUBLICATION, DISTRIBUTION, ETC. | |
| Date of publication, distribution, etc. | 2003 |
| 490 ## - SERIES STATEMENT | |
| Series statement | Journal of Planning and Environment Law |
| Volume/sequential designation | May 2003, 526-536(11) |
| 520 ## - SUMMARY, ETC. | |
| Summary, etc. | Reviews the key planning issues considered by the courts over the last 12 months. Describes how third-party challenges have become the biggest source of planning case law, with reference to the HL decision in "R v Hammersmith and Fulham LBC ex p Burkett" ([2002] UKHL 23; Abs66375). Examines case law covering the more specific issues of new material considerations, delegated powers, the meaning and size of a 'household', human rights considerations, plan-making jurisprudence and lawful development rights. Also discusses legitimate expectation, estoppel and enforcement of procedure with reference to the other major HL decision, "R v East Sussex CC ex p Reprotech (Pebsham) Ltd and another" ([2002] UKHL 8; WB3810-22). Concludes with speculation about the impact of planning reform upon third-party challenges. Case law. |
| 590 ## - LOCAL NOTE (RLIN) | |
| Local note | ABS |
| 650 ## - SUBJECT ADDED ENTRY--TOPICAL TERM | |
| Topical term or geographic name entry element | THIRD PARTY APPEALS |
| 650 ## - SUBJECT ADDED ENTRY--TOPICAL TERM | |
| Topical term or geographic name entry element | MATERIAL CONSIDERATIONS |
| 650 ## - SUBJECT ADDED ENTRY--TOPICAL TERM | |
| Topical term or geographic name entry element | DELEGATION |
| 650 ## - SUBJECT ADDED ENTRY--TOPICAL TERM | |
| Topical term or geographic name entry element | HOUSEHOLDS |
| 650 ## - SUBJECT ADDED ENTRY--TOPICAL TERM | |
| Topical term or geographic name entry element | PLANNING POLICY |
| 650 ## - SUBJECT ADDED ENTRY--TOPICAL TERM | |
| Topical term or geographic name entry element | ESTOPPEL |
| 650 ## - SUBJECT ADDED ENTRY--TOPICAL TERM | |
| Topical term or geographic name entry element | DEVELOPMENT RIGHTS |
| 650 ## - SUBJECT ADDED ENTRY--TOPICAL TERM | |
| Topical term or geographic name entry element | THIRD PARTY RIGHTS |
| 650 ## - SUBJECT ADDED ENTRY--TOPICAL TERM | |
| Topical term or geographic name entry element | HUMAN RIGHTS |
| 650 ## - SUBJECT ADDED ENTRY--TOPICAL TERM | |
| Topical term or geographic name entry element | R V EAST SUSSEX CC EX P REPROTECH (PEBSHAM) LTD AND ANOTHER |
| 650 ## - SUBJECT ADDED ENTRY--TOPICAL TERM | |
| Topical term or geographic name entry element | R V HAMMERSMITH AND FULHAM LBC EX P BURKETT |
| 690 ## - LOCAL SUBJECT ADDED ENTRY--TOPICAL TERM (OCLC, RLIN) | |
| Topical term or geographic name as entry element | Planning and development |
| 9 (RLIN) | 6259 |
| 942 ## - ADDED ENTRY ELEMENTS (KOHA) | |
| Suppress in OPAC | 0 |
| Withdrawn status | Lost status | Source of classification or shelving scheme | Damaged status | Not for loan | Home library | Current library | Shelving location | Date acquired | Total Checkouts | Full call number | Barcode | Date last seen | Copy number | Price effective from | Koha item type |
|---|---|---|---|---|---|---|---|---|---|---|---|---|---|---|---|
| Dewey Decimal Classification | London | London | Journal article | 07/05/2003 | ABS66728 | 122199-1001 | 06/08/2019 | 1 | 06/08/2019 | Journal article |